1345 1747 1984 1471 1883 1692 1937 1558 1030 1826 1349 1093 1630 1900 1318 1931 1736 1172 1487 1707 1602 1769 1005 1802 1711 1745 1277 1888 1638 1840 1205 1618 1448 1660 1434 1304 1766 1573 1399 1806 1003 1169 1388 1186 1843 1982 1797 1990 1390 1179 1015 1860 1556 1551 1808 1065 1908 1091 1291 1322 1304 1182 1903 1345 1821 1116 1007 1617 1408 1518 1525 1027 1818 1730 1396 1243 1355 1801 1598 1551 1670 1254 1643 1240 1038 1267 1340 1997 1412 1266 1778 1508 1936 1391 1454 1951 1609 1802 1074 BCNSPRNW ULIB Ver.6.0+V

เปลี่ยนเป็นภาษาไทย

Change to English
 แสดงรายละเอียดบรรณานุกรม
  กลับหน้าหลัก

Brief Record : Get Marc (ISO 2709) : E-mail record : QR code < ปิดหน้าต่าง
LEADER : 00000nam 2200000uu 4500
001    13399124763
003     ULIB
008    160315s2557||||th 000 0 tha d
020    ^a9786161800444
060 04 ^aWM171^bด436ร
100 0  ^aดาวเดียวดาย
245 10 ^aเรื่องเล่าจากยอดภูเขาน้ำแข็ง /^cดาวเดียวดาย (นามปากกา)
250    ^aพิมพ์ครั้งที่ 1
260    ^aกรุงเทพฯ :^bอมรินทร์พริ้นติ้งแอนด์พับลิชชิ่ง,^c2557
300    ^a(20)175 หน้า :^bภาพประกอบ
500    ^aสารคดียอดเยี่ยมนายอินทร์อะวอร์ด ประจำปี 2557
650  4 ^aความซึมเศร้า
650  4 ^aโรคซึมเศร้า^xรวมเรื่อง
650  4 ^aโรคจิตซึมเศร้า
650  0 ^aผู้ป่วยจิตเวช
945    ^p175^l0^i000323
999    ^aเกษร โพธิ์สุวรรณ
รายการนี้ยังไม่มีแท็ก
คุณยังไม่ได้ล็อกอิน คุณสามารถมีกิจกรรมร่วมกับเว็บไซต์ได้ แต่ต้องล็อกอินก่อน ::
  ล็อกอิน

รายการสื่อสารสนเทศ

ลำดับที่ ประเภท เลขเรียก/บาร์โค้ด สถานที่ สถานะ
1. วิทยาศาสตร์การแพทย์ และสุขภาพ
วิทยาศาสตร์การแพทย์ และสุขภาพ
สถานะ=หนังสือเก่า
WM171 ด436ร ฉ.1 
  Barcode: 000323
ห้องสมุดวิทยาเขตสวรรค์ประชารักษ์
►ส่วนจัดเก็บหนังสือเก่า สปร
บนชั้น
  ขอยืม

รายการใกล้เคียง
    หัวเรื่อง [ความซึมเศร้า]
    หัวเรื่อง [ผู้ป่วยจิตเวช]

BibComment


ยังไม่เคยถูกคอมเมนท์

คอมเมนท์ทรัพยากรรายการนี้
  คอมเมนท์: เรื่องเล่าจากยอด..


 Copyright 2026. Bcnsprnw @Library